000 00316nam a2200133Ia 4500
008 260604s9999 xx 000 0 und d
020 _a9781836595199
082 _a158.1 NGU
100 _aBy natalie nguyen
_935670
245 0 _aAbnormal Psychology.
260 _bEd-Tech Press
500 _aPsychology
942 _cBK
999 _c8494
_d8494